000 00768nam a2200229 a 4500
001 BRCA_1945
005 20190320203618.0
008 930930s1989 mx-a---###---#000-0#spa-#
020 _a9686070036
040 _aDLC
_cDLC
050 4 _aAM24.M4
_b.M37 1989
100 1 _aMartínez-Ostos, Susana
_95978
245 1 0 _aThe Museums of Mexico City
_cSusana Martínez-Ostos and Clive Alexander Bayne ; illustrations by Susana Martínez-Ostos.
260 _aMéxico
_bPublicaciones Pirámide
_c1989
300 _a146 p.
_bil.
_c21 cm.
650 1 4 _aMuseos
_vGuías turísticas
_zMéxico
_95979
651 4 _aMéxico (Ciudad)
_vGuías turísticas
_95980
700 1 _aBayne, Clive Alexander
_95981
700 1 _aMartínez-Ostos, Susana
_95978
902 _aREF
942 _2lcc
_cB
999 _c1715
_d1715